Trigonometria plana y esferica; con tablas trigonometricas.
Enregistré dans:
| Auteur principal: | |
|---|---|
| Format: | Livre |
| Langue: | Spanish |
| Publié: |
México : UTEHA
1950
|
| Sujets: | |
| Tags: |
Ajouter un tag
Pas de tags, Soyez le premier à ajouter un tag!
|
MARC
| LEADER | 00000nam a22000007a 4500 | ||
|---|---|---|---|
| 001 | 514 G765t3 | ||
| 003 | 000849 | ||
| 005 | 20221231144046.0 | ||
| 008 | 160329b1950 cr a|||| |||| 00| ||spa d | ||
| 040 | |c cru CEDI | ||
| 100 | |9 3601 |a Granville, Willian Anthony | ||
| 245 | |a Trigonometria plana y esferica; con tablas trigonometricas. | ||
| 260 | |a México : UTEHA |c 1950 | ||
| 300 | |a xiv, 469 páginas; ilustraciones, tablas; 19 cm | ||
| 650 | |x TRIGONOMETRIA PLANA |x TRIGONOMETRIA ESFERICA |9 3602 | ||
| 942 | |c BK | ||
| 999 | |c 16283 |d 16283 | ||
